阪急千里線の歴代全駅名 - Statistics

General Stats
  • This quiz has been taken 33 times
  • The average score is 16 of 26
Answer Stats
No. 駅名 存在時期 % Correct
HK-63 淡路 1921-
93%
HK-93 南千里 1967-
93%
HK-94 山田 1973-
93%
HK-95 北千里 1967-
93%
K11 天神橋 1925-1969
89%
K11 天神橋筋六丁目 1969-
89%
HK-88 下新庄 1921-
89%
廃止 吹田 1943-1964
89%
HK-89 吹田 1964-
89%
HK-90 豊津 1921-
89%
HK-91 関大前 1964-
89%
HK-92 千里山 1921-
89%
HK-87 柴島 1925-
82%
廃止 花壇前 1921-1938
54%
廃止 万国博西口 1969-1970
39%
廃止 千里山遊園 1938-1943
36%
廃止 千里山遊園 1946-1950
36%
廃止 大学前 1922-1964
36%
廃止 東吹田 1921-1943
32%
廃止 長柄 1925-1944
29%
廃止 西吹田 1921-1943
29%
廃止 市役所前 1943-1964
29%
廃止 花壇町 1951-1964
29%
HK-93 新千里山 1963-1967
29%
廃止 千里山厚生園 1943-1946
21%
廃止 女子学院前 1950-1951
21%
No matching quizzes found
Score Distribution
Percent of People with Each Score
Percentile by Number Answered
Your Score History
You have not taken this quiz